Sports Quiz

Random Sports or MLB Quiz
Score 0/29 Timer 15:00
0 Plays Today
Team & Result Player % Correct
San Francisco Giants: GIDPHunter Pence
50%
Baltimore Orioles: Pop up to 1BManny Machado
50%
Tampa Bay Rays: Pop up to 2BYunel Escobar
46.4%
Chicago White Sox: Line out to 3BPaul Konerko
46.4%
Boston Red Sox: Line out to 3BJonny Gomes
39.3%
Texas Rangers: Ground Out to 1BMitch Moreland
39.3%
Philadelphia Phillies: Ground out to 2BShane Victorino
39.3%
Los Angeles Dodgers: Ground Out to 2BA.J. Ellis
35.7%
Los Angeles Angels of Anaheim: Strikeout SwingingAlbert Pujols
35.7%
Houston Astros: Strikeout SwingingJose Altuve
35.7%
Minnesota Twins: Ground Out to 1BBrian Dozier
32.1%
Kansas City Royals: Fly out to RFMike Moustakas
32.1%
Toronto Blue Jays: Strikeout SwingingJ.P. Arencibia
25%
New York Mets: Ground out to MoDaniel Murphy
21.4%
San Diego Padres: Strikeout SwingingAlexi Amarista
14.3%
Team & Result Player % Correct
St. Louis Cardinals: Strikeout SwingingMark Grudzielanek
14.3%
Seattle Mariners: Fly out to LFMichael Saunders
10.7%
Arizona Diamondbacks: Ground out to 2BGerardo Parra
10.7%
Pittsburgh Pirates: GIDPXavier Nady
10.7%
Miami/Florida Marlins: Fly out to RFWes Helms
10.7%
Cleveland Indians: Fly out to RFMike Aviles
7.1%
Cincinnati Reds: Strikeout SwingingDrew Stubbs
7.1%
Colorado Rockies: Groundout to SSJosh Rutledge
3.6%
Oakland Athletics: Fly out to RFAdam Rosales
3.6%
Milwaukee Brewers: Ground out to 3BYuniesky Betancourt
3.6%
Chicago Cubs: Strikeout SwingingJeff Baker
3.6%
Detroit Tigers: Fly out to RFHernan Perez
0%
Atlanta Braves: Fly out to CFDiory Hernandez
0%
Washington Nationals: Ground out to SSAustin Kearns
0%
Remove Ads.
Support Sporcle.
Get the best of Sporcle when you Go Orange. This ad-free experience offers more features, more stats, and more fun while also helping to support Sporcle. Thank you for becoming a member.

You're not logged in!

Compare scores with friends on all Sporcle quizzes.
OR
Log In

Show Comments

Extras

Top Quizzes Today


Score Distribution

Your Account Isn't Verified!

In order to create a playlist on Sporcle, you need to verify the email address you used during registration. Go to your Sporcle Settings to finish the process.

Report this User

Report this user for behavior that violates our Community Guidelines.

Details: